000 00536nam a22001937a 4500
003 KOHA_MİRAKIL
005 20251117171940.0
008 251117b tu ||||| |||| 00| 0 tur d
020 _a9786257231121
040 _aTR-AnABB
_btur
_cTR-AnABB
041 _atur
082 _a813.42
_bYUS 2020
100 1 _aYusuf, Selahattin,
245 1 0 _aEve dönemezsin /
_cSelahattin Yusuf
260 _aİstanbul :
_bTurkuvaz Yayınları,
_c2020
300 _a255 sayfa ;
_c21 cm
650 0 4 _aTürk edebiyatı, roman
942 _2ddc
_cBK
999 _c9499
_d9499
900 _bGizem YORULMAZ